[Event "Madrid San Viator op 25th"]
[Site "Madrid"]
[Date "2015.11.15"]
[Round "8"]
[White "Alonso Penalver, Angel"]
[Black "Jimenez Gonzalez, Marcos"]
[Result "0-1"]
[WhiteElo "1676"]
[BlackElo "1849"]
[PlyCount "85"]
[EventDate "2015.10.04"]
[EventType "swiss"]
[EventRounds "9"]
[EventCountry "ESP"]
[SourceTitle "CBM 169 Extra"]
[Source "ChessBase"]
[SourceDate "2015.12.18"]
[SourceVersion "1"]
[SourceVersionDate "2015.12.18"]
[SourceQuality "1"]

1. e4 e5 2. Nf3 Nc6 3. Bb5 a6 4. Ba4 d6 5. d4 exd4 6. Nxd4 Bd7 7. Nc3 Nf6 8. Bg5 Be7 9. Bxc6 bxc6 10. 0-0 0-0 11. Qf3 h6 12. Bh4 Nh7 13. Bxe7 Qxe7 14. Nf5 Qf6 15. Rad1 Rfe8 16. Nd4 Qxf3 17. Nxf3 Ng5 18. Nxg5 hxg5 19. Rd2 Re5 20. f3 Rae8 21. Kf2 g6 22. Rfd1 f5 23. b3 R8e7 24. g3 Rf7 25. f4 gxf4 26. gxf4 fxe4 27. Ke3 Ree7 28. Rg2 Bf5 29. Rd4 Rh7 30. Ne2 Rh3+ 31. Ng3 Reh7 32. Rdd2 d5 33. Kd4 Kf7 34. a4 Kf6 35. Kc5 e3 36. Rde2 Re7 37. Nxf5 Kxf5 38. Rg5+ Kxf4 39. Rxg6 Kf3 40. Rgg2 Rg7 41. Rxg7 Kxe2 42. Rg2+ Kd1 43. c3 0-1

[Event "Madrid San Viator op 23rd"]
[Site "Madrid"]
[Date "2014.11.09"]
[Round "7"]
[White "Alonso Penalver, Angel"]
[Black "Paredes, Alejandro"]
[Result "1-0"]
[WhiteElo "1716"]
[BlackElo "2200"]
[PlyCount "75"]
[EventDate "2014.09.28"]
[EventType "swiss"]
[EventRounds "9"]
[EventCountry "ESP"]
[SourceTitle "EXT 2016"]
[Source "ChessBase"]
[SourceDate "2015.10.08"]
[SourceVersion "1"]
[SourceVersionDate "2015.10.08"]
[SourceQuality "1"]

1. e4 e6 2. d4 d5 3. Nc3 Nf6 4. e5 Nfd7 5. f4 c5 6. Be3 Nc6 7. Nf3 Be7 8. Qd2 0-0 9. 0-0-0 c4 10. g4 Qa5 11. Qf2 b5 12. Kb1 b4 13. Ne2 Rb8 14. Qe1 b3 15. Qxa5 Nxa5 16. cxb3 cxb3 17. a3 Nc4 18. Bc1 f6 19. Nc3 fxe5 20. dxe5 Ndb6 21. Bd3 Bc5 22. Rhe1 Bf2 23. Re2 Bc5 24. h4 d4 25. Ne4 Bb7 26. Nfg5 Bxe4 27. Nxe4 Be7 28. Ng5 Bxg5 29. hxg5 Ne3 30. Bxe3 dxe3 31. f5 exf5 32. gxf5 Rbd8 33. Rxe3 Kh8 34. Rh1 Nd5 35. Reh3 Nf4 36. Rxh7+ Kg8 37. Bc4+ Nd5 38. g6 1-0

[Event "Madrid San Viator op 21st"]
[Site "Madrid"]
[Date "2013.11.03"]
[Round "7"]
[White "Alonso Penalver, Angel"]
[Black "Savchuk, Olga"]
[Result "0-1"]
[WhiteElo "1762"]
[BlackElo "1572"]
[PlyCount "104"]
[EventDate "2013.09.29"]
[EventType "swiss"]
[EventRounds "9"]
[EventCountry "ESP"]
[SourceTitle "EXT 2015"]
[Source "ChessBase"]
[SourceDate "2014.11.20"]
[SourceVersion "1"]
[SourceVersionDate "2014.11.20"]
[SourceQuality "1"]

1. Nf3 d5 2. d4 Nf6 3. g3 Bg4 4. Bg2 g6 5. c4 c5 6. 0-0 Nbd7 7. cxd5 Nxd5 8. e4 N5f6 9. h3 Bxf3 10. Bxf3 cxd4 11. Qa4 e5 12. Na3 Bg7 13. Bd2 0-0 14. Bb4 Nb6 15. Qa5 Re8 16. Rac1 Bf8 17. Bxf8 Kxf8 18. Nb5 Re7 19. h4 a6 20. Na3 Re8 21. Qd2 Kg7 22. Kg2 Qd7 23. h5 h6 24. hxg6 fxg6 25. Rh1 g5 26. Rh2 Rh8 27. Qb4 Rac8 28. Rc5 Qe7 29. Rc4 Qxb4 30. Rxb4 Rc6 31. g4 Nfd7 32. Be2 Rf8 33. Bc4 Nxc4 34. Nxc4 b5 35. Na5 Rcf6 36. Kg1 Nc5 37. b3 Nd3 38. a4 Nxf2 39. axb5 axb5 40. Rxb5 Nxg4 41. Rd2 Rf1+ 42. Kg2 Ne3+ 43. Kh2 R8f2+ 44. Rxf2 Rxf2+ 45. Kg3 Rf4 46. Nc4 Nf1+ 47. Kg2 Ne3+ 48. Kg1 Rxe4 49. Rb7+ Kg6 50. Nd6 Rf4 51. Re7 d3 52. Rxe5 d2 0-1

[Event "Madrid San Viator op 21st"]
[Site "Madrid"]
[Date "2013.10.13"]
[Round "4"]
[White "Cabanas Bravo, Juan Andres"]
[Black "Alonso Penalver, Angel"]
[Result "1-0"]
[WhiteElo "2089"]
[BlackElo "1762"]
[PlyCount "119"]
[EventDate "2013.09.29"]
[EventType "swiss"]
[EventRounds "9"]
[EventCountry "ESP"]
[SourceTitle "EXT 2015"]
[Source "ChessBase"]
[SourceDate "2014.11.20"]
[SourceVersion "1"]
[SourceVersionDate "2014.11.20"]
[SourceQuality "1"]

1. e4 c5 2. Nf3 e6 3. d4 cxd4 4. Nxd4 d6 5. Nc3 Nf6 6. Be3 Nc6 7. f3 h5 8. Qd2 Be7 9. Be2 a6 10. a4 Bd7 11. 0-0 Rc8 12. Nb3 Qc7 13. Rfd1 Ne5 14. Bf4 h4 15. a5 h3 16. g4 Kf8 17. Bxe5 dxe5 18. g5 Bc5+ 19. Kh1 Bd4 20. gxf6 gxf6 21. Nxd4 exd4 22. Qxd4 Ke7 23. Qb4+ Qc5 24. Qxc5+ Rxc5 25. Rg1 Bb5 26. Nxb5 axb5 27. Bd3 b4 28. b3 Ra8 29. Rg3 Rh5 30. Kg1 b6 31. a6 Kd6 32. a7 Ra5 33. Rd1 R8xa7 34. Rxh3 Rg5+ 35. Kf2 Ra2 36. f4 Rc5 37. Re3 Ke7 38. f5 e5 39. h4 Rc3 40. Kf3 Rc8 41. h5 Rh8 42. Kg4 Raa8 43. Be2 Rag8+ 44. Kh3 Rc8 45. Rd2 Rcg8 46. Red3 Rg1 47. Rd7+ Kf8 48. Rd8+ Kg7 49. Rxh8 Kxh8 50. Rd6 Re1 51. Bd3 Kg7 52. Rxb6 Rh1+ 53. Kg4 Rg1+ 54. Kf3 Rh1 55. Rxb4 Rxh5 56. Rb7 Rh4 57. Ke3 Rh3+ 58. Kd2 Rh4 59. b4 Rh2+ 60. Kc3 1-0

[Event "Madrid San Viator op 21st"]
[Site "Madrid"]
[Date "2013.10.12"]
[Round "3"]
[White "Alonso Penalver, Angel"]
[Black "Ochoa, Bryan Alejandro"]
[Result "1-0"]
[WhiteElo "1762"]
[BlackElo "1193"]
[PlyCount "91"]
[EventDate "2013.09.29"]
[EventType "swiss"]
[EventRounds "9"]
[EventCountry "ESP"]
[SourceTitle "EXT 2015"]
[Source "ChessBase"]
[SourceDate "2014.11.20"]
[SourceVersion "1"]
[SourceVersionDate "2014.11.20"]
[SourceQuality "1"]

1. e4 c6 2. d3 d5 3. Nd2 Nf6 4. g3 Bg4 5. f3 Be6 6. Bg2 d4 7. Ne2 g6 8. Nf4 Bc8 9. Nb3 b6 10. 0-0 c5 11. Nd2 Nc6 12. a3 a5 13. Qe2 Bg7 14. b3 0-0 15. Nh3 Ba6 16. f4 e5 17. f5 Qc7 18. Ng5 Rae8 19. Qf3 h6 20. Nh3 Kh7 21. Nf2 h5 22. g4 Bh6 23. Nc4 Bxc1 24. Raxc1 Bxc4 25. bxc4 Rb8 26. Kh1 b5 27. cxb5 Rxb5 28. fxg6+ fxg6 29. g5 Nd7 30. Qh3 Kg7 31. Qe6 Rbb8 32. Bh3 Nb6 33. Rb1 Nc8 34. Rxb8 Nxb8 35. Kg2 Nc6 36. Rb1 Nb6 37. Rb5 Na4 38. Qb3 Nb6 39. Rxb6 Rb8 40. Rxb8 Qxb8 41. Qe6 Qc7 42. Qf6+ Kg8 43. Qxg6+ Kf8 44. Qxh5 Nb8 45. g6 Kg7 46. Qh7+ 1-0